00611nam a2200217Ia 4500999001500000003000400015005001700019008004100036010001300077020001500090040002300105050002100128100002100149245006100170260004500231300002600276500001800302650002400320942001900344980003000363 c5342d5342OSt20210211155231.0151021s9999 xx 000 0 und d a20102596 a9966820043 cMMUbengaMMUdMMU aB 5305 O24 1995  aOdhiambo Ochieng aAfrica philosophy an introduction/ bF Ochieng Odhiambo. aNairobi :bConsolata institute, c2009.  axii, 133 p. :c20cm.  ainclude index a_African mentality  2lcccLOAN LOAN a^d20120313 01:03:56^oanne